000 00456nam a2200181Ia 4500
001 8137
005 20260306160547.0
008 260306t2006||||xx |||||||||||||| ||spa||
041 _aESP
082 _a370.114
_bG83
100 _aGrupo Océano
_eAUT
245 0 _aEscuela de actividades y valores:
_bguía didáctica para educadores
260 _c2006
300 _a48 páginas :
_c28 cm.
650 _aGEN
654 _aCED
942 _cLIB
_dJUS
_fJUS
_2ddc
_n
999 _c8137
_d8137